000 00846nas a2200289 4500
001 BR0803684
003 BR-BrBNA
005 20231205112309.0
007 ta
008 230509b bl.|||p| |||| 00| 00por d
040 _aBR-BrBNA
_bpor
_cBiblioteca Nacional de Agricultura
041 _a(Pt)
072 _aE71; E70
100 1 _aLobo, A.C.
245 1 _aInmetro sua contribuição para a competitividade das empresas brasileiras
650 _aAGRONEGÓCIO
650 _aCOMERCIALIZAÇÃO
650 _aMETROLOGIA
650 _aNORMALIZAÇÃO
650 _aPESO
650 _aMERCADO NACIONAL
650 _aMERCADO MUNDIAL
650 _aCERTIFICAÇÃO DE PRODUTO
773 0 _tAgroanalysis (Brazil)
_xISSN 0100-4298
_g(Oct 2007), v. 27(10) p. 24-26
_wBR0803684
909 _a202311
_bLúcia
_c55
_dLúcia Elande
942 _2AGRIS
_n0
_cANA
999 _c197266
_d197266